| 000 | 00593nam a2200205 a 4500 | ||
|---|---|---|---|
| 005 | 20210223133111.0 | ||
| 008 | 161024s1989 es r 000 0 spa d | ||
| 020 | _a8420603910 | ||
| 035 | _aUPN01000214156 | ||
| 049 | _aCG | ||
| 050 | 4 |
_aPQ6639 N3 _bA4.6b |
|
| 100 | 1 |
_aUnamuno, Miguel de, _d1864-1936 |
|
| 245 | 1 | 0 |
_aAmor y pedagogía / _cMiguel de Unamuno ; pról. de Julia Barella Vigal. |
| 260 |
_aMadrid : _bAlianza, _c1989. |
||
| 300 |
_a201 p. : _bil. |
||
| 440 | 3 |
_aEl libro de bolsillo ; _v1391 |
|
| 650 | 4 |
_aPSICOLOGIA - _vNOVELA _913827 |
|
| 905 | _aLibro | ||
| 999 |
_c186256 _d186256 |
||